000 00583nam a22002057a 4500
003 OSt
005 20210421075448.0
008 210225s1969 ||||| |||| 00| 0 eng d
040 _aeng
_beng
_cDLC
041 _aeng
080 _a821.111
_bM-12
100 _91124
_aMacInnes, Helen
245 _aAbove Suspicion
_c/ by: Fawcett Publications Inc
260 _aGreenwich, USA
_bFawcett Publications Inc
_c1969
300 _a256 p.
365 _b1.75 usd
650 0 _9254
_aEnglish literature
653 _aინგლისური ლიტერატურა
942 _2udc
_cBK
999 _c1721
_d1721